The trade off between real wages and employment in an open economy (Belgium) (Registro nro. 26867)

Detalles MARC
000 -LEADER
fixed length control field 00403 a2200121 4500
001 - CONTROL NUMBER
control field ART_13932
005 - DATE AND TIME OF LATEST TRANSACTION
control field 20260410161911.0
008 - FIXED-LENGTH DATA ELEMENTS--GENERAL INFORMATION
fixed length control field 260409a
100 1# - MAIN ENTRY--PERSONAL NAME
Personal name Modigliani, Franco
245 10 - TITLE STATEMENT
Title The trade off between real wages and employment in an open economy (Belgium)
700 1# - ADDED ENTRY--PERSONAL NAME
Personal name Dréze, Jacques H.
773 0# - HOST ITEM ENTRY
Title European economic review
Related parts - Vol. 15, Nº 1 (ene. 1981)
Record control number REV13346

No hay ítems disponibles.